|
|
|
|
| LEADER |
00000cam a2200000 7i4500 |
| 001 |
0000012012 |
| 005 |
20071123.0 |
| 008 |
071123 |
| 020 |
|
|
|a 9833372724
|
| 090 |
0 |
0 |
|a 153.42
|b AIN
|
| 100 |
0 |
|
|a Ainon Mohd
|
| 245 |
1 |
0 |
|a Kuasa berfikir kreatif :
|b teknik menyelesaikan masalah secara kreatif
|c Ainon Mohd, Abdullah Hassan
|
| 260 |
|
|
|a Selangor :
|b PTS Millennia ,
|c 2006
|
| 440 |
|
|
|a Siri minda kreatif
|
| 650 |
|
0 |
|a Creative thinking
|
| 650 |
|
0 |
|a Critical thinking
|
| 650 |
|
0 |
|a Malay fiction
|
| 650 |
|
0 |
|a Thought and thinking
|
| 700 |
0 |
|
|a Abdullah Hassan
|
| 710 |
0 |
|
|a Title
|
| 999 |
|
|
|a 0000923042
|b Book
|c Adult Collection
|e Cawangan Bukit Gambir
|
| 999 |
|
|
|a 0001004381
|b Book
|c Adult Collection
|e Perbadanan Perpustakaan Awam Johor
|
| 999 |
|
|
|a 0001004382
|b Book
|c Adult Collection
|e Perbadanan Perpustakaan Awam Johor
|
| 999 |
|
|
|a 0001004383
|b Book
|c Adult Collection
|e Perbadanan Perpustakaan Awam Johor
|
| 999 |
|
|
|a 0001004384
|b Book
|c Adult Collection
|e Perbadanan Perpustakaan Awam Johor
|
| 999 |
|
|
|a 0001004385
|b Book
|c Adult Collection
|e Cawangan Pontian
|
| 999 |
|
|
|a 0001519809
|b Book
|c Adult Collection
|e Cawangan Bandar Tenggara
|